All Flag-Shapes of North America - Statistics

General Stats
  • This quiz has been taken 23 times
  • The average score is 18 of 20
Answer Stats
Picture Answer % Correct
Jamaica
100%
United States
100%
Bahamas
94%
Barbados
94%
Mexico
94%
Antigua and Barbuda
88%
Belize
88%
Dominican Republic
88%
Guatemala
88%
Haiti
88%
Honduras
88%
Nicaragua
88%
Panama
88%
Saint Lucia
88%
Trinidad and Tobago
88%
Dominica
82%
El Salvador
82%
Grenada
82%
Saint Kitts and Nevis
82%
Saint Vincent and the Grenadines
82%
No matching quizzes found
Score Distribution
Percent of People with Each Score
Percentile by Number Answered
Your Score History
You have not taken this quiz